| 000 | 00363nam a22001457a 4500 | ||
|---|---|---|---|
| 020 | _qHB. | ||
| 040 | _cFizza Ishaq | ||
| 082 |
_a150 _bLES |
||
| 100 |
_aLefton, A. Lester. _9134042 |
||
| 245 |
_aPsychology / _cLester A. Lefton. |
||
| 250 | _a9th Ed. | ||
| 260 |
_aNew York : _bPearson, _c2006. |
||
| 300 |
_a816 p. ; _c8.6 x 1.5 x 11.1 inches |
||
| 942 |
_2ddc _cBK |
||
| 999 |
_c616969 _d616969 |
||